[Event "29. Klatovy C 2023"]
[Site "Klatovy"]
[Date "2023.07.08"]
[Round "8.1"]
[White "Chalus, Karel"]
[Black "Sedlak, Ludek"]
[Result "1/2-1/2"]
[WhiteElo "1975"]
[BlackElo "1885"]
[PlyCount "46"]
[EventDate "2023.07.01"]
[EventType "swiss"]
[EventRounds "9"]
[EventCountry "CZE"]
[TimeControl "120+30"]

1. e4 {[%emt 0:00:02]} d5 {[%emt 0:00:13]} 2. exd5 {[%emt 0:00:18]} Qxd5 {[%emt 0:00:17]} 3. Nc3 {[%emt 0:00:00]} Qd6 {[%emt 0:00:00]} 4. d4 {[%emt 0:00:00]} Nf6 {[%emt 0:00:00]} 5. Nf3 {[%emt 0:25:20]} c6 {[%emt 0:01:05]} 6. h3 {[%emt 0:03:24]} Bf5 {[%emt 0:02:35]} 7. Bc4 {[%emt 0:11:34]} e6 {[%emt 0:01:20]} 8. Qe2 {[%emt 0:05:34]} Be7 {[%emt 0:02:25]} 9. O-O {[%emt 0:03:53]} O-O {[%emt 0:08:05]} 10. a4 {[%emt 0:02:08]} a5 {[%emt 0:09:32]} 11. Re1 {[%emt 0:08:43]} Re8 {[%emt 0:10:10]} 12. b3 {[%emt 0:08:08]} Qd8 {[%emt 0:05:02]} 13. Nd1 {[%emt 0:03:02]} Na6 {[%emt 0:08:39]} 14. c3 {[%emt 0:02:01]} Nc7 {[%emt 0:01:33]} 15. Ne5 {[%emt 0:04:21]} Nfd5 {[%emt 0:01:06]} 16. Bd3 {[%emt 0:04:22]} Bxd3 {[%emt 0:19:47]} 17. Qxd3 {[%emt 0:01:01]} Bg5 {[%emt 0:04:26]} 18. Qf3 {[%emt 0:03:39]} Rf8 {[%emt 0:00:50]} 19. Qg3 {[%emt 0:03:12]} Bxc1 {[%emt 0:01:00]} 20. Rxc1 {[%emt 0:00:07]} Ne7 {[%emt 0:09:56]} 21. Re4 {[%emt 0:04:51]} Nf5 {[%emt 0:01:08]} 22. Qd3 {[%emt 0:01:13]} Nd5 {[%emt 0:00:47]} 23. Nb2 {[%emt 0:01:57]} Qg5 {[%emt 0:01:28]} 1/2-1/2

[Event "29. Klatovy C 2023"]
[Site "Klatovy"]
[Date "2023.07.08"]
[Round "8.2"]
[White "Turner, Radek"]
[Black "Pribyl, Josef"]
[Result "0-1"]
[WhiteElo "1991"]
[BlackElo "2230"]
[PlyCount "108"]
[EventDate "2023.07.01"]
[EventType "swiss"]
[EventRounds "9"]
[EventCountry "CZE"]
[TimeControl "120+30"]

1. c4 {[%emt 0:00:09]} e5 {[%emt 0:00:06]} 2. g3 {[%emt 0:00:06]} Nc6 {[%emt 0:00:29]} 3. Nc3 {[%emt 0:00:11]} Bb4 {[%emt 0:00:05]} 4. Nd5 {[%emt 0:00:15]} a5 {[%emt 0:00:03]} 5. Bg2 {[%emt 0:00:16]} Nge7 {[%emt 0:00:26]} 6. e3 {[%emt 0:00:37]} Nxd5 {[%emt 0:00:41]} 7. cxd5 {[%emt 0:00:10]} Ne7 {[%emt 0:00:02]} 8. Ne2 {[%emt 0:00:34]} c6 {[%emt 0:00:27]} 9. a3 {[%emt 0:07:06]} Bd6 {[%emt 0:00:29]} 10. Nc3 {[%emt 0:01:31]} O-O {[%emt 0:03:38]} 11. d4 {[%emt 0:01:57]} Qb6 {[%emt 0:04:16]} 12. Ne4 {[%emt 0:06:03]} cxd5 {[%emt 0:03:22]} 13. Nxd6 {[%emt 0:00:34]} Qxd6 {[%emt 0:00:02]} 14. dxe5 {[%emt 0:00:08]} Qxe5 {[%emt 0:00:02]} 15. O-O {[%emt 0:00:16]} d6 {[%emt 0:03:30]} 16. Qd4 {[%emt 0:07:31]} Qxd4 {[%emt 0:02:02]} 17. exd4 {[%emt 0:00:06]} Be6 {[%emt 0:00:09]} 18. Bd2 {[%emt 0:01:40]} Rfc8 {[%emt 0:04:51]} 19. Rac1 {[%emt 0:01:05]} Nc6 {[%emt 0:08:11]} 20. Be3 {[%emt 0:01:15]} Ra6 {[%emt 0:01:37]} 21. Rfd1 {[%emt 0:03:18]} Rb6 {[%emt 0:00:32]} 22. Rd2 {[%emt 0:00:17]} Kf8 {[%emt 0:01:02]} 23. f4 {[%emt 0:01:46]} Rb3 {[%emt 0:04:40]} 24. Re1 {[%emt 0:01:03]} Ne7 {[%emt 0:01:08]} 25. f5 {[%emt 0:06:29]} Nxf5 {[%emt 0:04:05]} 26. Bf4 {[%emt 0:00:19]} Rc6 {[%emt 0:01:22]} 27. Kf2 {[%emt 0:18:08]} h6 {[%emt 0:11:35]} 28. g4 {[%emt 0:08:17]} Nh4 {[%emt 0:03:22]} 29. Bh1 {[%emt 0:00:32]} g5 {[%emt 0:00:52]} 30. Bg3 {[%emt 0:00:51]} Rcb6 {[%emt 0:05:48]} 31. Re3 {[%emt 0:01:28]} Rxe3 {[%emt 0:05:15]} 32. Kxe3 {[%emt 0:00:08]} Ke7 {[%emt 0:02:00]} 33. b4 {[%emt 0:05:15]} axb4 {[%emt 0:00:20]} 34. Rb2 {[%emt 0:00:11]} b3 {[%emt 0:02:03]} 35. Bxh4 {[%emt 0:00:28]} gxh4 {[%emt 0:00:04]} 36. Bf3 {[%emt 0:01:21]} f5 {[%emt 0:05:28]} 37. gxf5 {[%emt 0:01:32]} Bxf5 {[%emt 0:00:01]} 38. Bxd5 {[%emt 0:06:20]} Bc2 {[%emt 0:05:33]} 39. Kd2 {[%emt 0:01:02]} Kf6 {[%emt 0:00:29]} 40. Kc3 {[%emt 0:00:57]} Kf5 {[%emt 0:00:43]} 41. a4 {[%emt 0:00:21]} Kg4 {[%emt 0:02:02]} 42. a5 {[%emt 0:01:31]} Rb5 {[%emt 0:00:35]} 43. Be6+ {[%emt 0:01:11]} Kf3 {[%emt 0:02:54]} 44. Bc4 {[%emt 0:00:33]} Rxa5 {[%emt 0:01:29]} 45. Bxb3 {[%emt 0:00:20]} Bxb3 {[%emt 0:02:00]} 46. Rxb3 {[%emt 0:00:07]} Kg2 {[%emt 0:01:14]} 47. h3 {[%emt 0:00:06]} Rg5 {[%emt 0:01:02]} 48. Kc4 {[%emt 0:00:18]} b5+ {[%emt 0:00:40]} 49. Kb4 {[%emt 0:00:57]} Rg3 {[%emt 0:00:48]} 50. Rb2+ {[%emt 0:00:08]} Kxh3 {[%emt 0:00:14]} 51. Kxb5 {[%emt 0:00:07]} Kg4 {[%emt 0:01:20]} 52. d5 {[%emt 0:00:09]} h3 {[%emt 0:00:30]} 53. Kc6 {[%emt 0:00:27]} Rg2 {[%emt 0:00:20]} 54. Rb4+ {[%emt 0:00:19]} Kg5 {[%emt 0:00:34]} 0-1

[Event "29. Klatovy C 2023"]
[Site "Klatovy"]
[Date "2023.07.08"]
[Round "8.3"]
[White "Ondrejat, Miroslav"]
[Black "Novotny, Jaroslav2"]
[Result "0-1"]
[WhiteElo "1834"]
[BlackElo "1890"]
[PlyCount "80"]
[EventDate "2023.07.01"]
[EventType "swiss"]
[EventRounds "9"]
[EventCountry "CZE"]
[TimeControl "120+30"]

1. c4 {[%emt 0:00:07]} Nf6 {[%emt 0:00:22]} 2. g3 {[%emt 0:00:37]} g6 {[%emt 0:00:28]} 3. Bg2 {[%emt 0:00:05]} Bg7 {[%emt 0:00:07]} 4. d4 {[%emt 0:00:20]} O-O {[%emt 0:00:43]} 5. Nc3 {[%emt 0:01:08]} c6 {[%emt 0:00:47]} 6. e4 {[%emt 0:00:21]} d6 {[%emt 0:00:33]} 7. Nf3 {[%emt 0:02:33]} Nbd7 {[%emt 0:08:05]} 8. O-O {[%emt 0:00:21]} e5 {[%emt 0:01:34]} 9. h3 {[%emt 0:06:47]} Qe7 {[%emt 0:08:27]} 10. Re1 {[%emt 0:02:58]} Rd8 {[%emt 0:01:23]} 11. Be3 {[%emt 0:03:39]} h6 {[%emt 0:03:37]} 12. Qc2 {[%emt 0:02:27]} b6 {[%emt 0:02:34]} 13. Rad1 {[%emt 0:05:33]} Bb7 {[%emt 0:02:37]} 14. b3 {[%emt 0:15:20]} Rac8 {[%emt 0:01:07]} 15. Qd2 {[%emt 0:03:22]} Kh7 {[%emt 0:00:14]} 16. Nh4 {[%emt 0:07:08]} Nf8 {[%emt 0:34:41]} 17. d5 {[%emt 0:02:20]} cxd5 {[%emt 0:00:44]} 18. cxd5 {[%emt 0:02:12]} Ba6 {[%emt 0:04:20]} 19. Rc1 {[%emt 0:04:11]} Rc7 {[%emt 0:02:26]} 20. Bf1 {[%emt 0:08:53]} Bxf1 {[%emt 0:00:22]} 21. Rxf1 {[%emt 0:01:16]} Qd7 {[%emt 0:01:00]} 22. Kg2 {[%emt 0:00:17]} Rdc8 {[%emt 0:00:26]} 23. Qd3 {[%emt 0:01:02]} Nh5 {[%emt 0:04:40]} 24. Nb5 {[%emt 0:17:52]} Rxc1 {[%emt 0:00:13]} 25. Rxc1 {[%emt 0:00:14]} Rxc1 {[%emt 0:01:00]} 26. Bxc1 {[%emt 0:00:03]} a6 {[%emt 0:02:24]} 27. Nc3 {[%emt 0:02:14]} b5 {[%emt 0:01:52]} 28. Ne2 {[%emt 0:03:09]} Bf6 {[%emt 0:01:37]} 29. Nf3 {[%emt 0:04:41]} g5 {[%emt 0:01:41]} 30. Nh2 {[%emt 0:01:52]} Ng6 {[%emt 0:01:30]} 31. Qf3 {[%emt 0:01:44]} Nhf4+ {[%emt 0:05:52]} 32. Nxf4 {[%emt 0:06:41]} exf4 {[%emt 0:04:07]} 33. Qg4 {[%emt 0:02:00]} Qc7 {[%emt 0:13:29]} 34. Ba3 {[%emt 0:01:33]} fxg3 {[%emt 0:01:04]} 35. Nf3 {[%emt 0:07:40]} gxf2 {[%emt 0:02:38]} 36. Kxf2 {[%emt 0:00:25]} Qc2+ {[%emt 0:04:30]} 37. Kf1 {[%emt 0:05:00]} Nf4 {[%emt 0:02:09]} 38. Ne1 {[%emt 0:00:33]} Qxe4 {[%emt 0:01:37]} 39. Bxd6 {[%emt 0:00:24]} Qh1+ {[%emt 0:01:02]} 40. Kf2 {[%emt 0:01:26]} Bd4+ {[%emt 0:00:23]} 0-1

[Event "29. Klatovy C 2023"]
[Site "Klatovy"]
[Date "2023.07.08"]
[Round "8.4"]
[White "Hlavac, Rudolf"]
[Black "Plasek, Zdenek"]
[Result "1-0"]
[WhiteElo "1845"]
[BlackElo "1914"]
[PlyCount "153"]
[EventDate "2023.07.01"]
[EventType "swiss"]
[EventRounds "9"]
[EventCountry "CZE"]
[TimeControl "120+30"]

1. e4 {[%emt 17:57:18]} c5 {[%emt 0:04:19]} 2. Nf3 {[%emt 0:00:19]} d6 {[%emt 0:00:06]} 3. d4 {[%emt 0:00:15]} cxd4 {[%emt 0:00:02]} 4. Qxd4 {[%emt 0:00:17]} Nf6 {[%emt 0:01:09]} 5. Bb5+ {[%emt 0:05:37]} Bd7 {[%emt 0:00:12]} 6. Bxd7+ {[%emt 0:00:46]} Qxd7 {[%emt 0:00:07]} 7. c4 {[%emt 0:02:46]} Nc6 {[%emt 0:00:08]} 8. Qe3 {[%emt 0:00:45]} e6 {[%emt 0:00:19]} 9. Nc3 {[%emt 0:00:44]} Be7 {[%emt 0:00:14]} 10. b3 {[%emt 0:01:01]} O-O {[%emt 0:02:42]} 11. Bb2 {[%emt 0:01:11]} a6 {[%emt 0:02:02]} 12. O-O {[%emt 0:02:14]} Qc7 {[%emt 0:00:16]} 13. Rac1 {[%emt 0:01:14]} Qa5 {[%emt 0:10:41]} 14. a3 {[%emt 0:01:26]} Ng4 {[%emt 0:02:03]} 15. Qe2 {[%emt 0:04:42]} Qh5 {[%emt 0:09:36]} 16. h3 {[%emt 0:01:41]} Nf6 {[%emt 0:03:18]} 17. b4 {[%emt 0:07:49]} Qg6 {[%emt 0:08:20]} 18. Qe3 {[%emt 0:09:25]} Nh5 {[%emt 0:01:33]} 19. Ne2 {[%emt 0:00:31]} f5 {[%emt 0:13:27]} 20. e5 {[%emt 0:02:39]} Rad8 {[%emt 0:11:56]} 21. Rfd1 {[%emt 0:05:33]} Rf7 {[%emt 0:15:06]} 22. b5 {[%emt 0:13:20]} Nb8 {[%emt 0:22:41]} 23. exd6 {[%emt 0:02:44]} Bf6 {[%emt 0:00:54]} 24. Be5 {[%emt 0:03:49]} axb5 {[%emt 0:02:10]} 25. cxb5 {[%emt 0:02:35]} Nd7 {[%emt 0:00:16]} 26. a4 {[%emt 0:04:29]} Bxe5 {[%emt 0:09:24]} 27. Nxe5 {[%emt 0:01:23]} Nxe5 {[%emt 0:00:38]} 28. Qxe5 {[%emt 0:00:32]} Qf6 {[%emt 0:00:22]} 29. Qxf6 {[%emt 0:07:11]} Nxf6 {[%emt 0:00:57]} 30. Nf4 {[%emt 0:00:27]} Re8 {[%emt 0:04:16]} 31. Rc7 {[%emt 0:02:22]} Rd7 {[%emt 0:00:08]} 32. Rxd7 {[%emt 0:01:16]} Nxd7 {[%emt 0:00:03]} 33. Rc1 {[%emt 0:00:29]} b6 {[%emt 0:03:26]} 34. Rc7 {[%emt 0:00:50]} Nf8 {[%emt 0:00:15]} 35. Rb7 {[%emt 0:00:47]} Ra8 {[%emt 0:00:10]} 36. Rxb6 {[%emt 0:06:40]} Rxa4 {[%emt 0:00:11]} 37. g3 {[%emt 0:00:26]} Rd4 {[%emt 0:00:56]} 38. Rc6 {[%emt 0:00:28]} Rd1+ {[%emt 0:02:28]} 39. Kg2 {[%emt 0:00:18]} e5 {[%emt 0:00:11]} 40. Ne2 {[%emt 0:00:41]} Kf7 {[%emt 0:01:13]} 41. Nc3 {[%emt 0:03:13]} Rd2 {[%emt 0:00:21]} 42. b6 {[%emt 0:00:27]} Ke6 {[%emt 0:00:15]} 43. d7+ {[%emt 0:16:05]} Kxd7 {[%emt 0:00:00]} 44. Rc7+ {[%emt 0:00:29]} Ke6 {[%emt 0:00:02]} 45. Rxg7 {[%emt 0:01:38]} Rb2 {[%emt 0:01:20]} 46. b7 {[%emt 0:04:08]} Nd7 {[%emt 0:00:13]} 47. Na4 {[%emt 0:01:29]} Rxb7 {[%emt 0:00:20]} 48. Rxh7 {[%emt 0:00:30]} Rb5 {[%emt 0:00:37]} 49. Rh6+ {[%emt 0:00:47]} Nf6 {[%emt 0:00:26]} 50. g4 {[%emt 0:00:36]} fxg4 {[%emt 0:00:36]} 51. hxg4 {[%emt 0:00:02]} Kf7 {[%emt 0:02:51]} 52. Nc3 {[%emt 0:00:34]} Nxg4 {[%emt 0:00:40]} 53. Rc6 {[%emt 0:00:52]} Rb2 {[%emt 0:00:21]} 54. Ne4 {[%emt 0:00:22]} Nxf2 {[%emt 0:00:53]} 55. Nxf2 {[%emt 0:00:08]} Ra2 {[%emt 0:00:07]} 56. Kf3 {[%emt 0:00:41]} Ra4 {[%emt 0:00:05]} 57. Ng4 {[%emt 0:00:33]} Rf4+ {[%emt 0:00:15]} 58. Kg3 {[%emt 0:00:04]} Ra4 {[%emt 0:00:22]} 59. Nxe5+ {[%emt 0:00:05]} Ke7 {[%emt 0:00:29]} 60. Kf3 {[%emt 0:00:29]} Rb4 {[%emt 0:00:15]} 61. Ke3 {[%emt 0:00:15]} Ra4 {[%emt 0:00:07]} 62. Nf3 {[%emt 0:01:15]} Kd7 {[%emt 0:00:23]} 63. Rh6 {[%emt 0:00:09]} Ke7 {[%emt 0:00:27]} 64. Nd4 {[%emt 0:00:03]} Ra1 {[%emt 0:00:33]} 65. Ke4 {[%emt 0:00:06]} Re1+ {[%emt 0:00:15]} 66. Kd5 {[%emt 0:00:05]} Kf7 {[%emt 0:00:09]} 67. Ra6 {[%emt 0:01:20]} Ke7 {[%emt 0:00:31]} 68. Nf3 {[%emt 0:00:36]} Re2 {[%emt 0:00:08]} 69. Ng5 {[%emt 0:00:47]} Re1 {[%emt 0:00:22]} 70. Ne4 {[%emt 0:00:08]} Rd1+ {[%emt 0:00:44]} 71. Ke5 {[%emt 0:00:08]} Kd7 {[%emt 0:00:15]} 72. Nc3 {[%emt 0:00:25]} Rd2 {[%emt 0:00:11]} 73. Ne4 {[%emt 0:00:35]} Rd1 {[%emt 0:00:05]} 74. Nf6+ {[%emt 0:00:18]} Kc7 {[%emt 0:00:14]} 75. Nd5+ {[%emt 0:00:06]} Kd7 {[%emt 0:01:08]} 76. Rd6+ {[%emt 0:00:20]} Ke8 {[%emt 0:00:34]} 77. Nc7+ {[%emt 0:00:18]} 1-0

[Event "29. Klatovy C 2023"]
[Site "Klatovy"]
[Date "2023.07.08"]
[Round "8.5"]
[White "Baumruk, Josef"]
[Black "Petras, Milan"]
[Result "0-1"]
[WhiteElo "1947"]
[BlackElo "1866"]
[PlyCount "128"]
[EventDate "2023.07.01"]
[EventType "swiss"]
[EventRounds "9"]
[EventCountry "CZE"]
[TimeControl "120+30"]

1. e4 {[%emt 0:00:02]} c6 {[%emt 0:00:21]} 2. d4 {[%emt 0:00:10]} d5 {[%emt 0:00:08]} 3. e5 {[%emt 0:00:07]} Bf5 {[%emt 0:00:19]} 4. Bd3 {[%emt 0:00:06]} Bxd3 {[%emt 0:00:29]} 5. Qxd3 {[%emt 0:00:05]} e6 {[%emt 0:00:36]} 6. Ne2 {[%emt 0:00:29]} Qd7 {[%emt 0:03:07]} 7. O-O {[%emt 0:02:13]} c5 {[%emt 0:00:36]} 8. c3 {[%emt 0:00:14]} Nc6 {[%emt 0:00:28]} 9. f4 {[%emt 0:01:15]} g6 {[%emt 0:01:29]} 10. Kh1 {[%emt 0:01:34]} h5 {[%emt 0:01:28]} 11. Nd2 {[%emt 0:09:16]} cxd4 {[%emt 0:02:28]} 12. Nxd4 {[%emt 0:02:43]} Nge7 {[%emt 0:02:31]} 13. N2f3 {[%emt 0:03:24]} Nxd4 {[%emt 0:06:08]} 14. Nxd4 {[%emt 0:00:29]} Nc6 {[%emt 0:02:35]} 15. Nb3 {[%emt 0:00:52]} Qc7 {[%emt 0:07:26]} 16. Be3 {[%emt 0:00:51]} a6 {[%emt 0:07:26]} 17. a4 {[%emt 0:02:35]} Na5 {[%emt 0:06:03]} 18. Nxa5 {[%emt 0:05:43]} Qxa5 {[%emt 0:00:03]} 19. b4 {[%emt 0:00:15]} Qc7 {[%emt 0:01:46]} 20. b5 {[%emt 0:10:16]} Bc5 {[%emt 0:05:01]} 21. bxa6 {[%emt 0:03:19]} bxa6 {[%emt 0:01:54]} 22. Bxc5 {[%emt 0:16:40]} Qxc5 {[%emt 0:00:21]} 23. Rf3 {[%emt 0:10:01]} Qc4 {[%emt 0:27:56]} 24. Qxc4 {[%emt 0:05:14]} dxc4 {[%emt 0:00:01]} 25. Re3 {[%emt 0:00:12]} Ke7 {[%emt 0:03:00]} 26. Kg1 {[%emt 0:06:40]} Rab8 {[%emt 0:02:30]} 27. Rd1 {[%emt 0:02:28]} Rb2 {[%emt 0:17:25]} 28. Re4 {[%emt 0:01:38]} Rc8 {[%emt 0:10:34]} 29. Rdd4 {[%emt 0:03:12]} Rc2 {[%emt 0:00:40]} 30. Rxc4 {[%emt 0:00:14]} Rxc3 {[%emt 0:00:16]} 31. Rxc8 {[%emt 0:01:16]} Rxc8 {[%emt 0:00:02]} 32. Rb4 {[%emt 0:00:57]} Kd7 {[%emt 0:03:38]} 33. Kf2 {[%emt 0:05:53]} Rc2+ {[%emt 0:05:21]} 34. Kf3 {[%emt 0:00:21]} Ra2 {[%emt 0:00:39]} 35. Rd4+ {[%emt 0:03:41]} Kc6 {[%emt 0:00:53]} 36. Rd6+ {[%emt 0:00:17]} Kb7 {[%emt 0:06:19]} 37. Rd7+ {[%emt 0:00:17]} Kc6 {[%emt 0:00:17]} 38. Rxf7 {[%emt 0:00:09]} Ra3+ {[%emt 0:00:22]} 39. Kf2 {[%emt 0:00:29]} Rxa4 {[%emt 0:00:22]} 40. Rf6 {[%emt 0:00:08]} Kd5 {[%emt 0:00:31]} 41. Kg3 {[%emt 0:00:47]} g5 {[%emt 0:01:12]} 42. h4 {[%emt 0:07:47]} gxf4+ {[%emt 0:01:50]} 43. Rxf4 {[%emt 0:00:13]} Ra3+ {[%emt 0:00:18]} 44. Kh2 {[%emt 0:01:27]} Kxe5 {[%emt 0:00:03]} 45. Rf8 {[%emt 0:00:16]} Ra5 {[%emt 0:02:16]} 46. Kg3 {[%emt 0:00:54]} Ke4 {[%emt 0:01:30]} 47. Rf4+ {[%emt 0:00:29]} Kd5 {[%emt 0:00:48]} 48. Rf8 {[%emt 0:00:24]} Kd6 {[%emt 0:00:55]} 49. Rh8 {[%emt 0:01:43]} Rf5 {[%emt 0:00:39]} 50. Ra8 {[%emt 0:02:03]} a5 {[%emt 0:00:02]} 51. Ra6+ {[%emt 0:00:19]} Ke7 {[%emt 0:00:21]} 52. Kh3 {[%emt 0:00:15]} Kf6 {[%emt 0:00:15]} 53. Ra8 {[%emt 0:01:11]} Rc5 {[%emt 0:00:32]} 54. Rf8+ {[%emt 0:01:58]} Kg7 {[%emt 0:00:11]} 55. Re8 {[%emt 0:01:49]} Kf7 {[%emt 0:00:18]} 56. Ra8 {[%emt 0:00:42]} Rb5 {[%emt 0:02:44]} 57. Ra7+ {[%emt 0:00:27]} Kf6 {[%emt 0:00:27]} 58. g3 {[%emt 0:00:43]} Ke5 {[%emt 0:00:35]} 59. Rg7 {[%emt 0:00:32]} Kd4 {[%emt 0:00:36]} 60. Rg6 {[%emt 0:02:03]} e5 {[%emt 0:00:37]} 61. Rg5 {[%emt 0:00:21]} a4 {[%emt 0:00:19]} 62. g4 {[%emt 0:00:31]} a3 {[%emt 0:00:41]} 63. gxh5 {[%emt 0:00:11]} a2 {[%emt 0:00:18]} 64. Rg4+ {[%emt 0:00:15]} e4 {[%emt 0:02:45]} 0-1

[Event "29. Klatovy C 2023"]
[Site "Klatovy"]
[Date "2023.07.08"]
[Round "8.6"]
[White "Korsa, Jindrich"]
[Black "Zednik, Zdenek"]
[Result "1-0"]
[WhiteElo "1997"]
[BlackElo "1836"]
[PlyCount "41"]
[EventDate "2023.07.01"]
[EventType "swiss"]
[EventRounds "9"]
[EventCountry "CZE"]
[TimeControl "120+30"]

1. e4 {[%emt 0:00:02]} c5 {[%emt 0:00:15]} 2. Nc3 {[%emt 0:00:06]} d6 {[%emt 0:00:13]} 3. g4 {[%emt 0:00:06]} e6 {[%emt 0:03:56]} 4. d3 {[%emt 0:00:46]} Nc6 {[%emt 0:05:03]} 5. Bg2 {[%emt 0:00:16]} Be7 {[%emt 0:00:42]} 6. Nge2 {[%emt 0:00:18]} Nf6 {[%emt 0:01:35]} 7. Ng3 {[%emt 0:00:20]} Qc7 {[%emt 0:05:28]} 8. O-O {[%emt 0:00:18]} a6 {[%emt 0:00:27]} 9. f4 {[%emt 0:00:11]} b5 {[%emt 0:00:54]} 10. f5 {[%emt 0:00:30]} Bb7 {[%emt 0:00:21]} 11. g5 {[%emt 0:04:50]} Nd7 {[%emt 0:02:59]} 12. Nh5 {[%emt 0:01:31]} Rg8 {[%emt 0:03:00]} 13. fxe6 {[%emt 0:01:19]} fxe6 {[%emt 0:00:28]} 14. Nf4 {[%emt 0:00:14]} Nd4 {[%emt 0:00:39]} 15. Be3 {[%emt 0:01:08]} Nf8 {[%emt 0:01:11]} 16. Bh3 {[%emt 0:01:15]} Bc8 {[%emt 0:01:52]} 17. Bg2 {[%emt 0:10:26]} Bd7 {[%emt 0:02:22]} 18. e5 {[%emt 0:13:00]} d5 {[%emt 0:01:00]} 19. Nfxd5 {[%emt 0:00:29]} exd5 {[%emt 0:06:20]} 20. Bxd4 {[%emt 0:01:36]} O-O-O {[%emt 0:00:38]} 21. Nxd5 {[%emt 0:00:10]} 1-0

[Event "29. Klatovy C 2023"]
[Site "Klatovy"]
[Date "2023.07.08"]
[Round "8.7"]
[White "Richter, Martin1"]
[Black "Skopec, Lubos"]
[Result "1-0"]
[WhiteElo "1946"]
[BlackElo "1824"]
[PlyCount "55"]
[EventDate "2023.07.01"]
[EventType "swiss"]
[EventRounds "9"]
[EventCountry "CZE"]
[TimeControl "120+30"]

1. d4 {[%emt 0:00:07]} d5 {[%emt 0:00:12]} 2. e3 {[%emt 0:00:09]} Nf6 {[%emt 0:00:30]} 3. Bd3 {[%emt 0:00:11]} g6 {[%emt 0:01:07]} 4. Nd2 {[%emt 0:00:47]} Bg7 {[%emt 0:00:20]} 5. Ngf3 {[%emt 0:00:47]} Bg4 {[%emt 0:01:51]} 6. h3 {[%emt 0:00:08]} Bxf3 {[%emt 0:00:07]} 7. Qxf3 {[%emt 0:00:25]} Nc6 {[%emt 0:01:33]} 8. c4 {[%emt 0:01:57]} Nb4 {[%emt 0:04:25]} 9. Bb1 {[%emt 0:00:22]} dxc4 {[%emt 0:00:45]} 10. Qxb7 {[%emt 0:04:16]} c5 {[%emt 0:05:22]} 11. Qb5+ {[%emt 0:06:50]} Qd7 {[%emt 0:02:11]} 12. Qxc4 {[%emt 0:02:47]} Rc8 {[%emt 0:16:41]} 13. O-O {[%emt 0:02:47]} O-O {[%emt 0:01:32]} 14. Nb3 {[%emt 0:01:05]} Nbd5 {[%emt 0:06:38]} 15. Nxc5 {[%emt 0:01:15]} Qc6 {[%emt 0:01:39]} 16. Qa4 {[%emt 0:25:40]} Qc7 {[%emt 0:09:57]} 17. b4 {[%emt 0:08:45]} Nc3 {[%emt 0:05:44]} 18. Qc2 {[%emt 0:02:13]} Nfd5 {[%emt 0:03:52]} 19. a3 {[%emt 0:13:16]} e5 {[%emt 0:04:38]} 20. e4 {[%emt 0:02:02]} Nxb1 {[%emt 0:16:19]} 21. Rxb1 {[%emt 0:03:13]} Nb6 {[%emt 0:01:00]} 22. d5 {[%emt 0:00:22]} Rfd8 {[%emt 0:03:19]} 23. Qb3 {[%emt 0:01:49]} Nd7 {[%emt 0:04:58]} 24. Be3 {[%emt 0:00:38]} a5 {[%emt 0:02:10]} 25. Rfc1 {[%emt 0:02:25]} Nxc5 {[%emt 0:04:59]} 26. Rxc5 {[%emt 0:00:40]} Qb7 {[%emt 0:01:01]} 27. Rxa5 {[%emt 0:00:36]} Rc7 {[%emt 0:00:39]} 28. Ra7 {[%emt 0:00:39]} 1-0

[Event "29. Klatovy C 2023"]
[Site "Klatovy"]
[Date "2023.07.08"]
[Round "8.8"]
[White "Kucera, Jiri"]
[Black "Fiser, Jiri2"]
[Result "0-1"]
[WhiteElo "1920"]
[BlackElo "1784"]
[PlyCount "98"]
[EventDate "2023.07.01"]
[EventType "swiss"]
[EventRounds "9"]
[EventCountry "CZE"]
[TimeControl "120+30"]

1. d4 {[%emt 0:00:18]} f5 {[%emt 0:00:03]} 2. Nf3 {[%emt 0:02:38]} Nf6 {[%emt 0:00:01]} 3. g3 {[%emt 0:01:59]} g6 {[%emt 0:00:02]} 4. Bg2 {[%emt 0:00:42]} Bg7 {[%emt 0:00:02]} 5. O-O {[%emt 0:02:08]} O-O {[%emt 0:00:02]} 6. b3 {[%emt 0:05:09]} d6 {[%emt 0:00:54]} 7. Bb2 {[%emt 0:00:05]} a5 {[%emt 0:04:03]} 8. a3 {[%emt 0:04:26]} Bd7 {[%emt 0:01:30]} 9. c4 {[%emt 0:01:14]} Na6 {[%emt 0:01:14]} 10. Nbd2 {[%emt 0:00:38]} c6 {[%emt 0:10:14]} 11. Re1 {[%emt 0:03:42]} Ne4 {[%emt 0:02:03]} 12. Qc2 {[%emt 0:01:40]} d5 {[%emt 0:00:51]} 13. Ne5 {[%emt 0:01:58]} Be6 {[%emt 0:01:59]} 14. Rad1 {[%emt 0:08:09]} Rc8 {[%emt 0:09:33]} 15. f3 {[%emt 0:11:46]} Nxd2 {[%emt 0:01:37]} 16. Rxd2 {[%emt 0:00:01]} f4 {[%emt 0:14:33]} 17. gxf4 {[%emt 0:13:10]} Rxf4 {[%emt 0:01:38]} 18. e3 {[%emt 0:02:58]} Rf8 {[%emt 0:01:58]} 19. e4 {[%emt 0:00:41]} Qb6 {[%emt 0:08:18]} 20. Kh1 {[%emt 0:05:23]} Bxe5 {[%emt 0:05:37]} 21. dxe5 {[%emt 0:00:02]} dxc4 {[%emt 0:00:10]} 22. bxc4 {[%emt 0:01:15]} Qc5 {[%emt 0:00:58]} 23. Bd4 {[%emt 0:13:28]} Qxc4 {[%emt 0:03:52]} 24. Qxc4 {[%emt 0:08:50]} Bxc4 {[%emt 0:00:02]} 25. Bb6 {[%emt 0:00:01]} Be6 {[%emt 0:09:23]} 26. Bxa5 {[%emt 0:01:08]} Nc5 {[%emt 0:10:03]} 27. Bb4 {[%emt 0:05:16]} Nb3 {[%emt 0:00:24]} 28. Rd3 {[%emt 0:06:26]} c5 {[%emt 0:00:40]} 29. Bc3 {[%emt 0:00:07]} Ra8 {[%emt 0:07:12]} 30. Bb2 {[%emt 0:00:26]} c4 {[%emt 0:00:19]} 31. Rde3 {[%emt 0:07:05]} Rfd8 {[%emt 0:01:42]} 32. f4 {[%emt 0:02:42]} Nd4 {[%emt 0:10:54]} 33. Rc1 {[%emt 0:08:53]} Rac8 {[%emt 0:00:50]} 34. Bxd4 {[%emt 0:01:49]} Rxd4 {[%emt 0:00:02]} 35. f5 {[%emt 0:00:16]} gxf5 {[%emt 0:01:42]} 36. exf5 {[%emt 0:00:01]} Bxf5 {[%emt 0:00:30]} 37. Bxb7 {[%emt 0:00:19]} Rc7 {[%emt 0:00:38]} 38. Bf3 {[%emt 0:05:50]} e6 {[%emt 0:09:10]} 39. Kg2 {[%emt 0:00:17]} Bd3 {[%emt 0:01:37]} 40. Rc3 {[%emt 0:01:37]} Rg7+ {[%emt 0:01:48]} 41. Kf2 {[%emt 0:00:06]} Rh4 {[%emt 0:00:19]} 42. Bg2 {[%emt 0:04:05]} Rxh2 {[%emt 0:00:19]} 43. Rg3 {[%emt 0:00:02]} Rh5 {[%emt 0:02:07]} 44. Re3 {[%emt 0:02:28]} Rgg5 {[%emt 0:00:27]} 45. Bh3 {[%emt 0:00:02]} Kf7 {[%emt 0:01:33]} 46. Rexd3 {[%emt 0:01:46]} cxd3 {[%emt 0:00:02]} 47. Rc7+ {[%emt 0:00:01]} Kg6 {[%emt 0:01:49]} 48. Bxe6 {[%emt 0:00:02]} Rh2+ {[%emt 0:00:26]} 49. Ke3 {[%emt 0:00:05]} Rxe5+ {[%emt 0:00:54]} 0-1

[Event "29. Klatovy C 2023"]
[Site "Klatovy"]
[Date "2023.07.08"]
[Round "8.11"]
[White "Svec, Ludek"]
[Black "Mlynek, Petr"]
[Result "1/2-1/2"]
[WhiteElo "1614"]
[BlackElo "2035"]
[PlyCount "84"]
[EventDate "2023.07.01"]
[EventType "swiss"]
[EventRounds "9"]
[EventCountry "CZE"]

1. Nf3 d5 2. d4 c6 3. g3 Bg4 4. Ne5 Bh5 5. Bg2 Nd7 6. Nd3 Ngf6 7. O-O e6 8. Nd2 c5 9. Nf4 Bg6 10. Nxg6 hxg6 11. dxc5 Bxc5 12. c4 O-O 13. e3 Rc8 14. cxd5 exd5 15. Nb3 Nb6 16. Nxc5 Rxc5 17. Bd2 Re8 18. Bb4 Rc4 19. Ba5 Rc5 20. Bb4 Rc6 21. Ba5 Qd6 22. Bxb6 Rxb6 23. b3 Rc6 24. Rc1 Rec8 25. Qd2 Qa3 26. Rxc6 bxc6 27. Qc2 c5 28. Rd1 c4 29. Bxd5 Nxd5 30. Rxd5 c3 31. Rd1 a5 32. Kg2 Qc5 33. Rd4 f5 34. Kg1 Qb5 35. a4 Qa6 36. Kg2 Qe6 37. Kg1 Qe7 38. Kg2 Qa3 39. Rd1 Qb4 40. Kg1 Qb7 41. Rd4 Qf7 42. Kg2 Qe6 1/2-1/2